000 00653nam a2200217Ia 4500
003 OSt
005 20220923230722.0
006 a|||||r|||| 00| 0
007 ta
008 Pun
024 _a305,058
037 _cTextual
040 _aARTS
_cARTS
_bPun
041 _2Pun
_aPun
082 _aw58,NKO,1, 153L9
100 _aਕੋਵਾਲੋਵ, ਵੀ. ਵੀ.; ਗਿੱਲ, ਜਸਵੰਤ, ੳਗ.
_9156643
245 0 _aਗ਼ਿੰਦਗੀ ਦੇ ਨਾਂ
260 _c1979
942 _hw58,NKO,1, 153L9
_cTEXL
_2CC
999 _c386861
_d386861